Jo. Gottlieb Heineccii JC... Antiquitatum romanarum jurisprudentiam illustrantium syntagma secundùm ordine, Institutionum justiniani... ; pars prima. (Record no. 155209)
[ view plain ]
| 000 -LEADER | |
|---|---|
| campo de control de longitud fija | 00804nam a2200193 i 4500 |
| 001 - NÚMERO DE CONTROL | |
| campo de control | 155209 |
| 003 - IDENTIFICADOR DE NÚMERO DE CONTROL | |
| campo de control | ES-MaACL |
| 005 - FECHA Y HORA DE LA ÚLTIMA TRANSACCIÓN | |
| campo de control | 20230906210008.0 |
| 008 - DATOS DE LONGITUD FIJA--INFORMACIÓN GENERAL | |
| campo de control de longitud fija | 960215s1764 it |||| | lat d |
| 040 ## - FUENTE DE CATALOGACIÓN | |
| Centro catalogador/agencia de origen | EUS |
| Lengua de catalogación | spa |
| Centro/agencia transcriptor | EUS |
| 100 1# - ENTRADA PRINCIPAL--NOMBRE DE PERSONA | |
| Nombre de persona | Heineccius, Johann Gottlieb ( |
| Fechas asociadas al nombre | 1681-1741) |
| 9 (RLIN) | 127831 |
| 245 10 - MENCIÓN DEL TÍTULO | |
| Título | Jo. Gottlieb Heineccii JC... Antiquitatum romanarum jurisprudentiam illustrantium syntagma secundùm ordine, Institutionum justiniani... ; pars prima. |
| 260 ## - PUBLICACIÓN, DISTRIBUCIÓN, ETC. | |
| Lugar de publicación, distribución, etc. | Venetiis : |
| Nombre del editor, distribuidor, etc. | ex Typographia Balleoniana..., |
| Fecha de publicación, distribución, etc. | 1764. |
| 300 ## - DESCRIPCIÓN FÍSICA | |
| Extensión | XXIV, 562 p. ; |
| Dimensiones | 12°. |
| 597 ## - NOTA DE DESCRIPCIÓN FÍSICA | |
| NOTA DE DESCRIPCIÓN FÍSICA | Sign.: *12, A-Z12, 2A5. |
| 597 ## - NOTA DE DESCRIPCIÓN FÍSICA | |
| NOTA DE DESCRIPCIÓN FÍSICA | Port. con grab. xil. |
| 597 ## - NOTA DE DESCRIPCIÓN FÍSICA | |
| NOTA DE DESCRIPCIÓN FÍSICA | Apostillas marginales. |
| 852 ## - LOCALIZACIÓN | |
| Ubicación | ES-MaACL |
| Número de control de estantería | R-531-32 |
| Encuadernación | Olim: D-497-8 |
| Nota libre | -- Enc. perg. con cierres |
| Encuadernación | -- Edic: Ejempl. con anotaciones marginales |
| Estatus retirado | Estado de pérdida | Estado de daño | No para préstamo | Colección | Biblioteca de origen | Biblioteca actual | Ubicación en estantería | Fecha de adquisición | Total de préstamos | Signatura topográfica completa | Código de barras | Visto por última vez | Precio de reemplazo | Tipo de ítem Koha |
|---|---|---|---|---|---|---|---|---|---|---|---|---|---|---|
| Libros del s. XVIII | Biblioteca del Ateneo de Madrid | Biblioteca del Ateneo de Madrid | Depósito | 17/01/2008 | R-531-32 | 1162356 | 23/02/2023 | 23/02/2023 | Libro impreso antiguo |
